01282nas a2200253 a 450000500170000000800410001702200140005804000290007204100080010104400070010924500690011624600240018526001030020930000420031254601170035465000570047165000590052865000510058765000510063871000360068971000510072577601170077678001350089320170522103502.0080214c20069999bl || p f| 0por c a1981-8114 aCGUcCGUdCGUdCO-BoIAVH0 apor abl00aBoletim do Museu Paraense Emílio Goeldi.pCiências naturais.3 aCiências naturais aBelém (Brasil) :bMinistério da Ciência e Tecnologia, Museu Paraense Emílio Goeldi,c2006- billustraciones y mapas ;c26 x 22 cm. aChiefly in Portuguese with some articles in English and Spanish; abstracts in Portuguese and English or Spanish.26aHistoria naturalzBrasilvPublicaciones periódicas26aCiencias naturaleszBrasilvPublicaciones periódicas26aBotánicazBrasilvPublicaciones periódicas26aEcologíazBrasilvPublicaciones periódicas2 aMuseu Paraense Emílio Goeldi.1 aBrasilbMinistério da Ciência e Tecnologia08iOnline version:aBoletim do Museu Paraense Emílio Goeldi. Ciências naturaisw(OCoLC)276360264w(ICU)1078252000tBoletim do Museu Paraense Emílio Goeldi. Série ciências naturaisx1807-5401w(DLC) 2007262004w(OCoLC)82372385w(ICU)6231611